[Event "OEISM 0818 BLMM"]
[Site "austriablmm"]
[Date "2020.12.12"]
[Round "7"]
[White "MGamer"]
[Black "OKli2120"]
[Result "1-0"]
[WhiteElo "1617"]
[BlackElo "1699"]
[Annotator "NA"]
[PlyCount "103"]
[EventDate "2020.12.12"]
[EventType "blitz"]

1. e4 {[%emt 0:00:05]} c5 {[%emt 0:00:02]} 2. Nf3 {[%emt 0:00:02]} d6 {[%emt 0:00:02]} 3. d4 {[%emt 0:00:01]} cxd4 {[%emt 0:00:02]} 4. Nxd4 {[%emt 0:00:00]} Nf6 {[%emt 0:00:01]} 5. Nc3 {[%emt 0:00:04]} a6 {[%emt 0:00:01]} 6. Be2 {[%emt 0:00:16]} e5 {[%emt 0:00:04]} 7. Nb3 {[%emt 0:00:01]} Be7 {[%emt 0:00:03]} 8. Be3 {[%emt 0:00:05]} Be6 {[%emt 0:00:09]} 9. Qd2 {[%emt 0:00:02]} O-O {[%emt 0:00:05]} 10. O-O-O {[%emt 0:00:08]} b5 {[%emt 0:00:19]} 11. f3 {[%emt 0:00:05]} Nbd7 {[%emt 0:00:20]} 12. g4 {[%emt 0:00:04]} Nb6 {[%emt 0:00:12]} 13. h4 {[%emt 0:00:09]} b4 {[%emt 0:00:22]} 14. Nb1 {[%emt 0:00:14]} a5 {[%emt 0:00:06]} 15. h5 {[%emt 0:02:22]} a4 {[%emt 0:00:13]} 16. Na1 {[%emt 0:00:07]} Bxa2 {[%emt 0:00:24]} 17. g5 {[%emt 0:00:03]} Nfd7 {[%emt 0:00:08]} 18. g6 {[%emt 0:00:17]} h6 {[%emt 0:00:17]} 19. gxf7+ {[%emt 0:00:31]} Rxf7 {[%emt 0:00:09]} 20. Rhg1 {[%emt 0:00:14]} Kh7 {[%emt 0:00:20]} 21. Rg6 {[%emt 0:00:14]} Kh8 {[%emt 0:00:29]} 22. Rdg1 {[%emt 0:00:46]} Bc4 {[%emt 0:00:46]} 23. Bxc4 {[%emt 0:00:58]} Nxc4 {[%emt 0:00:00]} 24. Qd5 {[%emt 0:00:00]} Rxf3 {[%emt 0:01:01]} 25. Bxh6 {[%emt 0:00:31]} Bf6 {[%emt 0:00:51]} 26. Qxc4 {[%emt 0:01:26]} Qf8 {[%emt 0:00:35]} 27. Qe6 {[%emt 0:00:35]} Nc5 {[%emt 0:01:22]} 28. Qg4 {[%emt 0:00:23]} gxh6 {[%emt 0:00:16]} 29. Nd2 {[%emt 0:00:57]} Bg5 {[%emt 0:00:22]} 30. Rxg5 {[%emt 0:00:11]} hxg5 {[%emt 0:00:25]} 31. Qxf3 {[%emt 0:00:01]} Qe7 {[%emt 0:00:25]} 32. Qf5 {[%emt 0:00:14]} Rg8 {[%emt 0:00:48]} 33. Nf3 {[%emt 0:00:13]} b3 {[%emt 0:00:37]} 34. Rxg5 {[%emt 0:00:12]} Rxg5 {[%emt 0:00:19]} 35. Qxg5 {[%emt 0:00:00]} Qxg5+ {[%emt 0:00:03]} 36. Nxg5 {[%emt 0:00:00]} bxc2 {[%emt 0:00:04]} 37. Nxc2 {[%emt 0:00:02]} Nd3+ {[%emt 0:00:02]} 38. Kb1 {[%emt 0:00:01]} Nf2 {[%emt 0:00:02]} 39. Ne3 {[%emt 0:00:09]} Kg7 {[%emt 0:00:03]} 40. Nc4 {[%emt 0:00:07]} Ng4 {[%emt 0:00:05]} 41. Nxd6 {[%emt 0:00:04]} Nf6 {[%emt 0:00:03]} 42. Nf5+ {[%emt 0:00:02]} Kf8 {[%emt 0:00:03]} 43. h6 {[%emt 0:00:01]} Kg8 {[%emt 0:00:03]} 44. h7+ {[%emt 0:00:01]} Nxh7 {[%emt 0:00:01]} 45. Nxh7 {[%emt 0:00:00]} Kxh7 {[%emt 0:00:01]} 46. Ka2 {[%emt 0:00:00]} Kg6 {[%emt 0:00:01]} 47. Ka3 {[%emt 0:00:00]} Kg5 {[%emt 0:00:02]} 48. Kxa4 {[%emt 0:00:01]} Kf4 {[%emt 0:00:00]} 49. Nd6 {[%emt 0:00:01]} Ke3 {[%emt 0:00:02]} 50. Kb5 {[%emt 0:00:02]} Kd4 {[%emt 0:00:00]} 51. b4 {[%emt 0:00:02]} Kc3 {[%emt 0:00:03]} 52. Kc5 {[%emt 0:00:01] OKli2120 offers a draw OKli2120 resigns} 1-0

[Event "OEISM 0818 BLMM"]
[Site "austriablmm"]
[Date "2020.12.12"]
[Round "7"]
[White "Einhorn2010"]
[Black "Tobias Gartner"]
[Result "1-0"]
[WhiteElo "1597"]
[BlackElo "1463"]
[Annotator "NA"]
[PlyCount "47"]
[EventDate "2020.12.12"]
[EventType "blitz"]

1. d4 {[%emt 0:00:03]} d5 {[%emt 0:00:03]} 2. Bf4 {[%emt 0:00:02]} h6 {[%emt 0:00:02]} 3. e3 {[%emt 0:00:01]} a6 {[%emt 0:00:02]} 4. c3 {[%emt 0:00:01]} Nc6 {[%emt 0:00:01]} 5. Nd2 {[%emt 0:00:01]} Nf6 {[%emt 0:00:03]} 6. Ngf3 {[%emt 0:00:01]} Bg4 {[%emt 0:00:02]} 7. Qc2 {[%emt 0:00:04]} Bxf3 {[%emt 0:00:01]} 8. Nxf3 {[%emt 0:00:02]} e6 {[%emt 0:00:07]} 9. O-O-O {[%emt 0:00:02]} Qd7 {[%emt 0:00:09]} 10. Bd3 {[%emt 0:00:04]} Bd6 {[%emt 0:00:02]} 11. Bg3 {[%emt 0:00:02]} Bxg3 {[%emt 0:00:02]} 12. hxg3 {[%emt 0:00:02]} O-O {[%emt 0:00:03]} 13. e4 {[%emt 0:00:12]} Rfe8 {[%emt 0:00:01]} 14. e5 {[%emt 0:00:02]} Ne4 {[%emt 0:00:11]} 15. Bxe4 {[%emt 0:00:07]} dxe4 {[%emt 0:00:03]} 16. Qxe4 {[%emt 0:00:01]} Rad8 {[%emt 0:00:07]} 17. g4 {[%emt 0:00:03]} Qd5 {[%emt 0:00:10]} 18. Qb1 {[%emt 0:00:07]} Rd7 {[%emt 0:00:08]} 19. g5 {[%emt 0:00:01]} hxg5 {[%emt 0:00:03]} 20. Qh7+ {[%emt 0:00:02]} Kf8 {[%emt 0:00:03]} 21. Nxg5 {[%emt 0:00:05]} Ke7 {[%emt 0:00:07]} 22. Qxg7 {[%emt 0:00:03]} Nd8 {[%emt 0:00:20]} 23. Qf6+ {[%emt 0:00:06]} Kf8 {[%emt 0:00:06]} 24. Rh8# {[%emt 0:00:03] (Lag: Av=0.29s, max=0.8s) Mate} 1-0

[Event "OEISM 0818 BLMM"]
[Site "austriablmm"]
[Date "2020.12.12"]
[Round "7"]
[White "Chessless13"]
[Black "Oberwirschtl"]
[Result "1/2-1/2"]
[WhiteElo "1553"]
[BlackElo "1412"]
[Annotator "NA"]
[PlyCount "59"]
[EventDate "2020.12.12"]
[EventType "blitz"]

1. e4 {[%emt 0:00:04]} e5 {[%emt 0:00:03]} 2. Nf3 {[%emt 0:00:02]} Nf6 {[%emt 0:00:03]} 3. Nxe5 {[%emt 0:00:43]} d6 {[%emt 0:00:03]} 4. Nf3 {[%emt 0:00:06]} Nxe4 {[%emt 0:00:01]} 5. Nc3 {[%emt 0:00:03]} d5 {[%emt 0:00:21]} 6. Qe2 {[%emt 0:00:14]} Be6 {[%emt 0:00:13]} 7. Nxe4 {[%emt 0:00:11]} dxe4 {[%emt 0:00:00]} 8. Qxe4 {[%emt 0:00:01]} Nc6 {[%emt 0:00:06]} 9. Bb5 {[%emt 0:01:00]} Qd5 {[%emt 0:00:14]} 10. Bxc6+ {[%emt 0:00:35]} bxc6 {[%emt 0:00:10]} 11. Qe5 {[%emt 0:00:13]} O-O-O {[%emt 0:01:53]} 12. O-O {[%emt 0:00:21]} Bd6 {[%emt 0:00:38]} 13. Qxd5 {[%emt 0:01:26]} Bxd5 {[%emt 0:00:04]} 14. Nd4 {[%emt 0:00:08]} Rhe8 {[%emt 0:00:16]} 15. d3 {[%emt 0:00:15]} Be5 {[%emt 0:00:21]} 16. Nf3 {[%emt 0:00:59]} Bf6 {[%emt 0:01:11]} 17. Be3 {[%emt 0:02:05]} Bxb2 {[%emt 0:00:27]} 18. Rab1 {[%emt 0:00:03]} Bf6 {[%emt 0:00:13]} 19. Bxa7 {[%emt 0:00:09]} Bxa2 {[%emt 0:00:04]} 20. Rb8+ {[%emt 0:00:20]} Kd7 {[%emt 0:00:05]} 21. Rxd8+ {[%emt 0:00:11]} Kxd8 {[%emt 0:00:00]} 22. Bd4 {[%emt 0:00:04]} Bd5 {[%emt 0:00:42]} 23. Bxf6+ {[%emt 0:00:15]} gxf6 {[%emt 0:00:03]} 24. Re1 {[%emt 0:00:31]} Rg8 {[%emt 0:00:08]} 25. Re3 {[%emt 0:00:21]} Kd7 {[%emt 0:00:07]} 26. Kf1 {[%emt 0:00:03]} Kd6 {[%emt 0:00:16]} 27. g3 {[%emt 0:00:04]} Ra8 {[%emt 0:00:07]} 28. Ke2 {[%emt 0:00:05]} Ra2 {[%emt 0:00:04]} 29. Ne1 {[%emt 0:00:11]} Ra1 {[%emt 0:00:28]} 30. Kd2 {[%emt 0:00:11] Chessless13 offers a draw} 1/2-1/2

[Event "OEISM 0818 BLMM"]
[Site "austriablmm"]
[Date "2020.12.12"]
[Round "7"]
[White "Zauberbiene"]
[Black "Ji-Jay-Jim"]
[Result "0-1"]
[WhiteElo "1541"]
[BlackElo "1717"]
[Annotator "NA RC"]
[PlyCount "88"]
[EventDate "2020.12.12"]
[EventType "blitz"]

1. e4 {[%emt 0:00:04]} c6 {[%emt 0:00:07]} 2. d3 {[%emt 0:00:06]} d5 {[%emt 0:00:06]} 3. Nc3 {[%emt 0:00:06]} d4 {[%emt 0:00:10]} 4. Nce2 {[%emt 0:00:07]} e5 {[%emt 0:00:06]} 5. Nf3 {[%emt 0:00:03]} Nd7 {[%emt 0:00:14]} 6. Bg5 {[%emt 0:00:18]} Ngf6 {[%emt 0:00:09]} 7. Ng3 {[%emt 0:00:05]} Bb4+ {[%emt 0:00:17]} 8. Ke2 {[%emt 0:00:17]} O-O {[%emt 0:00:11]} 9. a3 {[%emt 0:00:09]} Be7 {[%emt 0:00:07]} 10. Qd2 {[%emt 0:00:04]} Re8 {[%emt 0:00:08]} 11. Re1 {[%emt 0:00:08]} b5 {[%emt 0:00:08]} 12. Kd1 {[%emt 0:00:03]} a5 {[%emt 0:00:31]} 13. Qe2 {[%emt 0:00:37]} b4 {[%emt 0:00:14]} 14. axb4 {[%emt 0:00:05]} Bxb4 {[%emt 0:00:09]} 15. c3 {[%emt 0:00:03]} dxc3 {[%emt 0:00:09]} 16. Qc2 {[%emt 0:00:11]} cxb2 {[%emt 0:00:37]} 17. Qxb2 {[%emt 0:00:07]} Bxe1 {[%emt 0:00:25]} 18. Kxe1 {[%emt 0:00:10]} a4 {[%emt 0:00:25]} 19. Be2 {[%emt 0:00:03]} a3 {[%emt 0:00:13]} 20. Qa2 {[%emt 0:00:04]} Qb6 {[%emt 0:00:33]} 21. Nf5 {[%emt 0:00:08]} Qb2 {[%emt 0:00:31]} 22. Qxb2 {[%emt 0:00:18]} axb2 {[%emt 0:00:08]} 23. Kd2 {[%emt 0:00:02]} Ra1 {[%emt 0:00:14]} 24. Rb1 {[%emt 0:00:29]} Rxb1 {[%emt 0:00:12]} 25. Kc2 {[%emt 0:00:02]} Ra1 {[%emt 0:00:28]} 26. Kxb2 {[%emt 0:00:05]} Ra5 {[%emt 0:00:09]} 27. Bd1 {[%emt 0:00:30]} Rb5+ {[%emt 0:00:08]} 28. Bb3 {[%emt 0:00:03]} Nc5 {[%emt 0:00:15] Zauberbiene offers a draw} 29. Kc3 {[%emt 0:01:36]} Nxb3 {[%emt 0:00:08]} 30. Bxf6 {[%emt 0:00:44]} gxf6 {[%emt 0:00:04]} 31. Nh6+ {[%emt 0:00:09]} Kg7 {[%emt 0:00:02]} 32. Nf5+ {[%emt 0:00:07]} Bxf5 {[%emt 0:00:02]} 33. exf5 {[%emt 0:00:03]} Nd4 {[%emt 0:00:02]} 34. Nxd4 {[%emt 0:00:08]} exd4+ {[%emt 0:00:03]} 35. Kxd4 {[%emt 0:00:02]} Reb8 {[%emt 0:00:03]} 36. Kc4 {[%emt 0:00:05]} c5 {[%emt 0:00:02]} 37. Kd5 {[%emt 0:00:02]} h5 {[%emt 0:00:06]} 38. g3 {[%emt 0:00:06]} Rc8 {[%emt 0:00:02]} 39. d4 {[%emt 0:00:06]} c4+ {[%emt 0:00:03]} 40. Ke4 {[%emt 0:00:08]} c3 {[%emt 0:00:02]} 41. d5 {[%emt 0:00:06]} c2 {[%emt 0:00:02]} 42. d6 {[%emt 0:00:01]} c1=Q {[%emt 0:00:02]} 43. d7 {[%emt 0:00:01]} Qc6+ {[%emt 0:00:04]} 44. Kf4 {[%emt 0:00:03]} Rb4+ {[%emt 0:00:04] Zauberbiene resigns} 0-1

[Event "OEISM 0818 BLMM"]
[Site "austriablmm"]
[Date "2020.12.12"]
[Round "7"]
[White "Miriamk"]
[Black "gadoru"]
[Result "1/2-1/2"]
[WhiteElo "1536"]
[BlackElo "1718"]
[Annotator "NA RC"]
[PlyCount "67"]
[EventDate "2020.12.12"]
[EventType "blitz"]

1. e4 {[%emt 0:00:03]} c6 {[%emt 0:00:01]} 2. Nf3 {[%emt 0:00:04]} d5 {[%emt 0:00:01]} 3. Nc3 {[%emt 0:00:02]} Bg4 {[%emt 0:00:06]} 4. h3 {[%emt 0:00:01]} Bxf3 {[%emt 0:00:03]} 5. Qxf3 {[%emt 0:00:02]} e6 {[%emt 0:00:02]} 6. d4 {[%emt 0:00:02]} dxe4 {[%emt 0:00:10]} 7. Qxe4 {[%emt 0:00:02]} Nf6 {[%emt 0:00:03]} 8. Qd3 {[%emt 0:00:01]} Bd6 {[%emt 0:00:20]} 9. g3 {[%emt 0:00:08]} O-O {[%emt 0:00:05]} 10. Bg2 {[%emt 0:00:04] gadoru No Move} Nbd7 {[%emt 0:01:32]} 11. O-O {[%emt 0:00:14]} Nb6 {[%emt 0:00:08]} 12. b3 {[%emt 0:00:39]} Qd7 {[%emt 0:00:17]} 13. Bb2 {[%emt 0:00:23]} Rfd8 {[%emt 0:00:13]} 14. Rad1 {[%emt 0:00:17]} Rac8 {[%emt 0:00:14]} 15. Ne2 {[%emt 0:00:19]} Qe7 {[%emt 0:00:11]} 16. c4 {[%emt 0:00:34]} Bb8 {[%emt 0:00:58]} 17. Qe3 {[%emt 0:01:07]} Rd7 {[%emt 0:00:23]} 18. Nf4 {[%emt 0:00:32]} Bxf4 {[%emt 0:00:07]} 19. Qxf4 {[%emt 0:00:05]} Rcd8 {[%emt 0:00:06]} 20. Rfe1 {[%emt 0:00:20]} Nc8 {[%emt 0:01:09]} 21. Qc1 {[%emt 0:01:08]} Qd6 {[%emt 0:00:41]} 22. Bf3 {[%emt 0:01:08]} b6 {[%emt 0:00:42]} 23. Qg5 {[%emt 0:00:31]} h6 {[%emt 0:00:09]} 24. Qc1 {[%emt 0:00:17]} Nh7 {[%emt 0:00:47]} 25. Re3 {[%emt 0:00:19]} Ng5 {[%emt 0:00:07]} 26. Bg2 {[%emt 0:00:22]} Ne7 {[%emt 0:00:08]} 27. Red3 {[%emt 0:00:12]} Qc7 {[%emt 0:00:15]} 28. Qc3 {[%emt 0:00:21]} f6 {[%emt 0:00:24]} 29. h4 {[%emt 0:00:12]} Nh7 {[%emt 0:00:12]} 30. Bf1 {[%emt 0:00:12]} Nf5 {[%emt 0:00:08]} 31. Bh3 {[%emt 0:00:41]} g6 {[%emt 0:00:14]} 32. Qc2 {[%emt 0:00:41]} Kf7 {[%emt 0:00:14]} 33. R3d2 {[%emt 0:00:03]} Qd6 {[%emt 0:00:36]} 34. Bg2 {[%emt 0:00:21] Miriamk bietet Remis (Lag: Av=2.95s, max=75.9s)} 1/2-1/2

[Event "OEISM 0818 BLMM"]
[Site "austriablmm"]
[Date "2020.12.12"]
[Round "7"]
[White "Chessroman"]
[Black "Lukas-2010"]
[Result "0-1"]
[WhiteElo "1510"]
[BlackElo "1918"]
[Annotator "NA"]
[PlyCount "82"]
[EventDate "2020.12.12"]
[EventType "blitz"]

1. e4 {[%emt 0:00:09]} c5 {[%emt 0:00:03]} 2. c3 {[%emt 0:00:14]} d5 {[%emt 0:00:02]} 3. exd5 {[%emt 0:00:15]} Qxd5 {[%emt 0:00:00]} 4. d4 {[%emt 0:00:07]} Nc6 {[%emt 0:00:01]} 5. Nf3 {[%emt 0:00:07]} Bg4 {[%emt 0:00:02]} 6. Be3 {[%emt 0:00:23]} e6 {[%emt 0:00:04]} 7. Bb5 {[%emt 0:00:18]} cxd4 {[%emt 0:00:12]} 8. Bxc6+ {[%emt 0:00:15]} Qxc6 {[%emt 0:00:10]} 9. cxd4 {[%emt 0:00:19]} Nf6 {[%emt 0:00:03]} 10. Nc3 {[%emt 0:00:20]} Bb4 {[%emt 0:00:03]} 11. Rc1 {[%emt 0:00:08]} Qa6 {[%emt 0:00:09]} 12. h3 {[%emt 0:00:58]} Bh5 {[%emt 0:00:09]} 13. Bd2 {[%emt 0:00:41]} O-O {[%emt 0:00:26]} 14. a3 {[%emt 0:00:39]} Bd6 {[%emt 0:00:17]} 15. Qe2 {[%emt 0:00:07]} Qxe2+ {[%emt 0:00:15]} 16. Kxe2 {[%emt 0:00:09]} Rfe8 {[%emt 0:00:11]} 17. g4 {[%emt 0:00:10]} Bg6 {[%emt 0:00:03]} 18. Ne5 {[%emt 0:00:06]} Ne4 {[%emt 0:00:29]} 19. Nxg6 {[%emt 0:00:31]} Nxd2 {[%emt 0:00:03]} 20. Kxd2 {[%emt 0:00:12]} hxg6 {[%emt 0:00:05]} 21. Rhe1 {[%emt 0:00:11]} Bf4+ {[%emt 0:00:03]} 22. Re3 {[%emt 0:00:22]} Rad8 {[%emt 0:00:02]} 23. Kd3 {[%emt 0:00:06]} Bxe3 {[%emt 0:00:03]} 24. fxe3 {[%emt 0:00:01]} e5 {[%emt 0:00:02]} 25. Ne4 {[%emt 0:00:15]} exd4 {[%emt 0:00:07]} 26. exd4 {[%emt 0:00:02]} f5 {[%emt 0:00:06]} 27. gxf5 {[%emt 0:00:05]} gxf5 {[%emt 0:00:00]} 28. Nc5 {[%emt 0:00:08]} b6 {[%emt 0:00:02]} 29. Nb3 {[%emt 0:00:05]} Rc8 {[%emt 0:00:06]} 30. Rf1 {[%emt 0:00:13]} g6 {[%emt 0:00:04]} 31. Rg1 {[%emt 0:00:05]} Kf7 {[%emt 0:00:02]} 32. Nd2 {[%emt 0:00:05]} Kf6 {[%emt 0:00:07]} 33. Nf3 {[%emt 0:00:06]} Rcd8 {[%emt 0:00:04]} 34. Nh4 {[%emt 0:00:12]} g5 {[%emt 0:00:05] Chessroman offers a draw} 35. Nf3 {[%emt 0:00:05]} Re4 {[%emt 0:00:04]} 36. Nxg5 {[%emt 0:00:34]} Rexd4+ {[%emt 0:00:04]} 37. Ke3 {[%emt 0:00:05]} Rd3+ {[%emt 0:00:01]} 38. Ke2 {[%emt 0:00:16]} Rd2+ {[%emt 0:00:02]} 39. Kf3 {[%emt 0:00:36]} R8d3+ {[%emt 0:00:02]} 40. Kf4 {[%emt 0:00:09]} Rf2+ {[%emt 0:00:00]} 41. Nf3 {[%emt 0:00:03]} Rdxf3# {[%emt 0:00:00] Mate Mate} 0-1

[Event "OEISM 0818 BLMM"]
[Site "austriablmm"]
[Date "2020.12.12"]
[Round "7"]
[White "Mostinchen"]
[Black "SaRaHo"]
[Result "1/2-1/2"]
[WhiteElo "1476"]
[BlackElo "1693"]
[Annotator "NA RC"]
[PlyCount "110"]
[EventDate "2020.12.12"]
[EventType "blitz"]

1. e4 {[%emt 0:00:06]} e5 {[%emt 0:00:05]} 2. Nf3 {[%emt 0:00:02]} Nc6 {[%emt 0:00:03]} 3. Bc4 {[%emt 0:00:02]} Bc5 {[%emt 0:00:03]} 4. c3 {[%emt 0:00:02]} Nf6 {[%emt 0:00:02]} 5. d3 {[%emt 0:00:01]} d6 {[%emt 0:00:04]} 6. O-O {[%emt 0:00:02]} h6 {[%emt 0:00:05]} 7. Be3 {[%emt 0:00:05]} Bb6 {[%emt 0:00:06]} 8. Nbd2 {[%emt 0:00:23]} O-O {[%emt 0:00:22]} 9. Bxb6 {[%emt 0:00:33]} axb6 {[%emt 0:00:05]} 10. d4 {[%emt 0:00:02]} Bg4 {[%emt 0:00:15]} 11. h3 {[%emt 0:00:12]} Bh5 {[%emt 0:00:03]} 12. dxe5 {[%emt 0:00:32]} Nxe5 {[%emt 0:00:03]} 13. Bb3 {[%emt 0:00:10]} Nxf3+ {[%emt 0:00:21]} 14. Nxf3 {[%emt 0:00:32]} Nxe4 {[%emt 0:00:03]} 15. Re1 {[%emt 0:00:14]} d5 {[%emt 0:00:08]} 16. Bxd5 {[%emt 0:00:07]} Ng5 {[%emt 0:00:14]} 17. Bxb7 {[%emt 0:00:11]} Ra7 {[%emt 0:00:05]} 18. Bc6 {[%emt 0:00:08]} Qxd1 {[%emt 0:00:14]} 19. Raxd1 {[%emt 0:00:03]} Nxf3+ {[%emt 0:00:01]} 20. Bxf3 {[%emt 0:00:02]} Bxf3 {[%emt 0:00:02]} 21. gxf3 {[%emt 0:00:00]} Rxa2 {[%emt 0:00:02]} 22. Rd2 {[%emt 0:00:09]} Ra5 {[%emt 0:00:16]} 23. Re7 {[%emt 0:00:05]} Rc8 {[%emt 0:00:15]} 24. Rdd7 {[%emt 0:00:42]} Ra2 {[%emt 0:00:08]} 25. Rxf7 {[%emt 0:00:08]} Rxb2 {[%emt 0:00:04]} 26. Rxg7+ {[%emt 0:00:02]} Kf8 {[%emt 0:00:02]} 27. Rxc7 {[%emt 0:00:25]} Rxc7 {[%emt 0:00:10]} 28. Rxc7 {[%emt 0:00:02]} Rb5 {[%emt 0:00:07]} 29. Rc6 {[%emt 0:00:12]} h5 {[%emt 0:00:06] SaRaHo offers a draw} 30. c4 {[%emt 0:00:26]} Rf5 {[%emt 0:00:10]} 31. Kg2 {[%emt 0:00:05]} b5 {[%emt 0:00:02]} 32. cxb5 {[%emt 0:00:07]} Rxb5 {[%emt 0:00:02]} 33. Rc4 {[%emt 0:00:18]} Rg5+ {[%emt 0:00:06]} 34. Kh2 {[%emt 0:00:02]} Rf5 {[%emt 0:00:03]} 35. Kg3 {[%emt 0:00:08]} Kg7 {[%emt 0:00:14]} 36. Rf4 {[%emt 0:00:43]} Rg5+ {[%emt 0:00:08]} 37. Kh4 {[%emt 0:00:06]} Rg2 {[%emt 0:00:02]} 38. Kxh5 {[%emt 0:00:08]} Rxf2 {[%emt 0:00:02]} 39. Rg4+ {[%emt 0:00:01]} Kf6 {[%emt 0:00:02]} 40. Rg3 {[%emt 0:00:17]} Kf5 {[%emt 0:00:03]} 41. h4 {[%emt 0:00:17]} Kf4 {[%emt 0:00:03]} 42. Rg5 {[%emt 0:00:03]} Rxf3 {[%emt 0:00:09]} 43. Rg4+ {[%emt 0:00:02]} Kf5 {[%emt 0:00:04]} 44. Rg5+ {[%emt 0:00:02]} Kf6 {[%emt 0:00:02]} 45. Kh6 {[%emt 0:00:08]} Rh3 {[%emt 0:00:07]} 46. h5 {[%emt 0:00:04]} Kf7 {[%emt 0:00:06]} 47. Rg7+ {[%emt 0:00:14]} Kf6 {[%emt 0:00:02]} 48. Rb7 {[%emt 0:00:11]} Kf5 {[%emt 0:00:04]} 49. Rb6 {[%emt 0:00:10]} Kg4 {[%emt 0:00:06]} 50. Rb5 {[%emt 0:00:06]} Ra3 {[%emt 0:00:10]} 51. Kg7 {[%emt 0:00:16]} Ra7+ {[%emt 0:00:02]} 52. Kf6 {[%emt 0:00:08]} Ra6+ {[%emt 0:00:02]} 53. Ke7 {[%emt 0:00:08]} Ra7+ {[%emt 0:00:02]} 54. Kd6 {[%emt 0:00:03]} Rg7 {[%emt 0:00:05]} 55. Ke6 {[%emt 0:00:11]} Rh7 {[%emt 0:00:02] Mostinchen offers a draw} 1/2-1/2

[Event "OEISM 0818 BLMM"]
[Site "austriablmm"]
[Date "2020.12.12"]
[Round "7"]
[White "xvv_valentina"]
[Black "Derenick2010"]
[Result "0-1"]
[WhiteElo "1476"]
[BlackElo "1426"]
[Annotator "NA"]
[PlyCount "118"]
[EventDate "2020.12.12"]
[EventType "blitz"]

1. e4 {[%emt 0:00:03]} e5 {[%emt 0:00:06]} 2. Nf3 {[%emt 0:00:01]} Nc6 {[%emt 0:00:02]} 3. Nc3 {[%emt 0:00:01]} Bc5 {[%emt 0:00:02]} 4. Bb5 {[%emt 0:00:04]} a6 {[%emt 0:00:04]} 5. Bxc6 {[%emt 0:00:02]} dxc6 {[%emt 0:00:02]} 6. Nxe5 {[%emt 0:00:03]} Qd4 {[%emt 0:00:06]} 7. Ng4 {[%emt 0:01:27]} Bxg4 {[%emt 0:00:03]} 8. Qxg4 {[%emt 0:00:04]} Qxf2+ {[%emt 0:00:03]} 9. Kd1 {[%emt 0:00:03]} Nf6 {[%emt 0:00:22]} 10. Qe2 {[%emt 0:00:20]} Qxe2+ {[%emt 0:00:04]} 11. Nxe2 {[%emt 0:00:03]} O-O-O {[%emt 0:00:08]} 12. Ng3 {[%emt 0:00:11]} Rhe8 {[%emt 0:00:09]} 13. Re1 {[%emt 0:00:07]} Bf2 {[%emt 0:00:05]} 14. Re2 {[%emt 0:00:07]} Bxg3 {[%emt 0:00:02]} 15. hxg3 {[%emt 0:00:03]} Rxe4 {[%emt 0:00:13]} 16. Rxe4 {[%emt 0:00:02]} Nxe4 {[%emt 0:00:01]} 17. g4 {[%emt 0:00:12]} Re8 {[%emt 0:00:03]} 18. d3 {[%emt 0:00:04]} Nf2+ {[%emt 0:00:05]} 19. Kd2 {[%emt 0:00:06]} Nxg4 {[%emt 0:00:05]} 20. b3 {[%emt 0:00:03]} Ne3 {[%emt 0:00:04]} 21. g3 {[%emt 0:00:05]} Nf1+ {[%emt 0:00:05]} 22. Kc3 {[%emt 0:00:16]} Nxg3 {[%emt 0:00:17]} 23. Bf4 {[%emt 0:00:01]} Ne2+ {[%emt 0:00:03]} 24. Kb2 {[%emt 0:00:21]} Nxf4 {[%emt 0:00:02]} 25. Rf1 {[%emt 0:00:05]} g5 {[%emt 0:00:16]} 26. a3 {[%emt 0:00:36]} Kd7 {[%emt 0:00:15]} 27. c3 {[%emt 0:00:03]} Nxd3+ {[%emt 0:00:07]} 28. Kc2 {[%emt 0:00:07]} Ne1+ {[%emt 0:00:07]} 29. Kb2 {[%emt 0:00:07]} Nd3+ {[%emt 0:00:03]} 30. Kc2 {[%emt 0:00:05]} Ne5 {[%emt 0:00:04]} 31. Rf5 {[%emt 0:00:07]} Ke6 {[%emt 0:00:02]} 32. Rf1 {[%emt 0:00:11]} f5 {[%emt 0:00:09]} 33. Rh1 {[%emt 0:00:10]} Rh8 {[%emt 0:00:17]} 34. b4 {[%emt 0:00:03]} Kf6 {[%emt 0:00:02]} 35. b5 {[%emt 0:00:02]} cxb5 {[%emt 0:00:06]} 36. c4 {[%emt 0:00:02]} bxc4 {[%emt 0:00:06]} 37. a4 {[%emt 0:00:02]} b5 {[%emt 0:00:03]} 38. a5 {[%emt 0:00:11]} Kg6 {[%emt 0:00:08]} 39. Kc3 {[%emt 0:00:13]} h5 {[%emt 0:00:10]} 40. Kd4 {[%emt 0:00:02]} Nf3+ {[%emt 0:00:03]} 41. Kc5 {[%emt 0:00:03]} h4 {[%emt 0:00:06]} 42. Kc6 {[%emt 0:00:32]} c3 {[%emt 0:00:05]} 43. Kb7 {[%emt 0:00:02]} c2 {[%emt 0:00:02]} 44. Kxa6 {[%emt 0:00:02]} h3 {[%emt 0:00:03]} 45. Kb7 {[%emt 0:00:06]} h2 {[%emt 0:00:04]} 46. a6 {[%emt 0:00:03]} c1=Q {[%emt 0:00:03]} 47. Rxc1 {[%emt 0:00:05]} h1=Q {[%emt 0:00:01]} 48. Rxh1 {[%emt 0:00:05]} Rxh1 {[%emt 0:00:01]} 49. a7 {[%emt 0:00:02]} Rh8 {[%emt 0:00:02]} 50. Kxc7 {[%emt 0:00:10]} Ra8 {[%emt 0:00:04]} 51. Kb7 {[%emt 0:00:03]} Rxa7+ {[%emt 0:00:01]} 52. Kxa7 {[%emt 0:00:02]} b4 {[%emt 0:00:01]} 53. Ka8 {[%emt 0:00:07]} b3 {[%emt 0:00:01]} 54. Kb7 {[%emt 0:00:01]} b2 {[%emt 0:00:01]} 55. Ka8 {[%emt 0:00:01]} b1=Q {[%emt 0:00:01]} 56. Ka7 {[%emt 0:00:01]} Nd4 {[%emt 0:00:02]} 57. Ka8 {[%emt 0:00:01]} Qb5 {[%emt 0:00:13]} 58. Ka7 {[%emt 0:00:04]} Nc6+ {[%emt 0:00:01]} 59. Ka8 {[%emt 0:00:04]} Qb8# {[%emt 0:00:01] Mate Mate} 0-1

[Event "OEISM 0818 BLMM"]
[Site "austriablmm"]
[Date "2020.12.12"]
[Round "7"]
[White "Armin_Donner"]
[Black "Luis_VST"]
[Result "1-0"]
[WhiteElo "1455"]
[BlackElo "1429"]
[Annotator "NA RC"]
[PlyCount "41"]
[EventDate "2020.12.12"]
[EventType "blitz"]

1. e4 {[%emt 0:00:03]} e5 {[%emt 0:00:07]} 2. Nf3 {[%emt 0:00:02]} Nc6 {[%emt 0:00:02]} 3. Bc4 {[%emt 0:00:03]} Nf6 {[%emt 0:00:02]} 4. Nc3 {[%emt 0:00:04]} Bc5 {[%emt 0:00:02]} 5. Ng5 {[%emt 0:00:02]} O-O {[%emt 0:00:02]} 6. O-O {[%emt 0:00:06]} Ne8 {[%emt 0:00:09]} 7. Qh5 {[%emt 0:00:06]} Qxg5 {[%emt 0:00:12]} 8. Qxg5 {[%emt 0:00:04]} h6 {[%emt 0:00:02]} 9. Qh5 {[%emt 0:00:10]} g6 {[%emt 0:00:03]} 10. Qh3 {[%emt 0:00:06]} Bd4 {[%emt 0:00:12]} 11. Qxh6 {[%emt 0:00:05]} Ng7 {[%emt 0:00:20]} 12. d3 {[%emt 0:00:09]} Na5 {[%emt 0:00:10]} 13. Nb5 {[%emt 0:00:07]} Nxc4 {[%emt 0:00:04]} 14. dxc4 {[%emt 0:00:08]} d6 {[%emt 0:00:23]} 15. c3 {[%emt 0:00:03]} Bc5 {[%emt 0:00:07]} 16. Nxc7 {[%emt 0:00:04]} Ne6 {[%emt 0:00:05]} 17. Nxa8 {[%emt 0:00:06]} Bd7 {[%emt 0:00:16]} 18. Rd1 {[%emt 0:00:15]} Rxa8 {[%emt 0:00:04]} 19. Rd3 {[%emt 0:00:02]} Rd8 {[%emt 0:00:03]} 20. Rh3 {[%emt 0:00:03]} Ng7 {[%emt 0:00:19]} 21. Qh8# {[%emt 0:00:03] Mate Mate} 1-0